Statistiques concernant Pays avec un drapeau ne contenant pas de rouge

Cliquez ici pour prendre le quiz!

Statistiques générales

  • Ce quiz a été pris 298 fois
  • Le résultat moyen est 23 sur 44

Statistiques - réponses

Réponse% Correct
2Argentine
83%
32Suède
83%
12Finlande
82%
8Brésil
81%
19Irlande
78%
14Grèce
73%
1Arabie saoudite
71%
18Inde
71%
29Uruguay
71%
30Ukraine
70%
11Estonie
69%
41Pakistan
59%
16Honduras
57%
21Israël
57%
40Palaos
57%
33Somalie
56%
10Côte d'Ivoire
53%
43Nigeria
53%
28Vatican
53%
20Jamaïque
52%
22Kazakhstan
52%
27Micronésie
52%
9Chypre
49%
38Saint-Marin
49%
15Guatemala
47%
23Kosovo
46%
3Bahamas
44%
13Gabon
43%
44Nauru
43%
24Lesotho
41%
39Rwanda
41%
35Salvador
41%
5Bhoutan
39%
7Botswana
39%
36Sainte-Lucie
39%
34Sierra Leone
39%
4Barbade
37%
42Ouzbékistan
34%
31Tanzanie
34%
25Marshall
31%
26Mauritanie
29%
6Bosnie-Herzégovine
28%
37Saint-Vincent-et-les Grenadines
19%
17Îles Salomon
16%

Distribution des résultats

Percentile par nombre de réponses

% des personnes avec chaque résultat

Votre développement - résultats

Vous n’avez pas pris ce quiz